Najlepsi Strzelcy FC Barcelony w historii - Statystyki

Ogólne statystyki
  • Ten quiz został rozwiązany 83 razy
  • Średni wynik to 6 z 15
Statystyki odpowiedzi
no. Odpowiedź Ilość Goli Lata grania Narodowość % Poprawnych
1. Lionel Messi 672 2002-2021 Argentyna
100%
11. Robert Lewandowski 120 2022-2026 Polska
97%
3. Luis Suárez 195 2014-2020 Urugwaj
96%
5. Samuel Eto'o 130 2004-2009 Kamerun
72%
6. Rivaldo 130 1997-2002 Brazylia
61%
12. Hristo Stoichkov 117 1990-1998 Bułgaria
57%
8. Patrick Kluivert 122 1998-2004 Holandia
39%
4. László Kubala 193 1950-1962 Hiszpania/Węgry
24%
14. Luis Enrique 108 1996-2004 Hiszpania
19%
2. César Rodríguez 225 1939-1955 Hiszpania
8%
9. Carles Rexach 122 1967-1981 Hiszpania
4%
13. Estanislao Basora 110 1946-1958 Hiszpania
3%
15. José Antonio Zaldúa 106 1961-1971 Hiszpania
3%
10. Josep Escolà 120 1934-1948 Hiszpania
3%
7. Mariano Martín 129 1940-1948 Hiszpania
3%
Nie znaleziono quizów pasujących do podanych kryteriów
Rozkład punktacji
Procent ludzi z każdym wynikiem
Percentyl według liczby udzielonych odpowiedzi
Twoja historia wyników
Nie rozwiązałeś tego quizu